000 00316 a2200145 4500
001 61918
020 _a97865771030
040 _cAnchieta - Pituba
240 1 0 _aA linguagem dos animais
_lpor
245 1 0 _aA linguagem dos animais
300 _a127
362 0 _a2012
650 4 _aFicção brasileira
942 _cBK
999 _c61918
_d61918